Algebre linéaire et algebre tensorielle
Gorde:
| Egile Nagusiak: | , |
|---|---|
| Formatua: | Liburua |
| Hizkuntza: | frantsesa |
| Argitaratua: |
París
Dunod
1968
|
| Gaiak: | |
| Etiketak: |
Etiketa erantsi
Etiketarik gabe, Izan zaitez lehena erregistro honi etiketa jartzen!
|
MARC
| LEADER | 00000nam a2200000 a 4500 | ||
|---|---|---|---|
| 001 | UCW0632 | ||
| 003 | CL-VaPUC | ||
| 008 | 880512e19680000FR |||||||||||||||||fre|d | ||
| 082 | 0 | 4 | |a 512.5 |b CHA |2 21 |
| 100 | 0 | |a Chambadal, Lucien |e author |9 304524 | |
| 700 | 0 | |a Ovaert, J. L |e author |9 304525 | |
| 245 | 1 | 0 | |a Algebre linéaire et algebre tensorielle |
| 300 | |a 544 p | ||
| 942 | |c BK | ||
| 945 | |d 19880512 00:00:00 | ||
| 260 | |a París |b Dunod |c 1968 | ||
| 650 | 0 | |a Álgebra lineal |9 260445 | |
| 583 | |a last modification |c 19880512 00:00:00 |k Rodrigo Vera | ||
| 999 | |c 215711 |d 215709 | ||
| 952 | |0 0 |1 0 |4 0 |6 512_500000000000000_CHA_1968 |7 0 |8 A |9 200430 |a BIBMAT |b BIBMAT |d 2019-11-14 |i 149497K |o 512.5 CHA 1968 |p 149497K |r 2025-01-07 |w 2019-11-14 |y BK |k MAT | ||